| 000 | 00851cab a2200265 4500 | ||
|---|---|---|---|
| 001 | WB3209-62 | ||
| 008 | 090401t1996 xxu||||| |||| 00| 0 eng d | ||
| 035 | _a(Sirsi) u40442 | ||
| 041 | _aeng | ||
| 245 | _aEP takes on Grimethorpe | ||
| 260 | _c1996 | ||
| 350 | _a0 | ||
| 490 |
_aYorkshire Post _v28 February 1996, 12(1) |
||
| 520 | _aGrimethorpe colliery is to be handed over to English Partnerships for redevelopment as an industrial estate. British Coal still has numerous land and sites for sale or disposal including 3,000 acres in Yorkshire. | ||
| 650 | _aBRITISH COAL | ||
| 650 | _aDISPOSAL PROGRAMME | ||
| 650 | _aENGLISH PARTNERSHIPS | ||
| 650 | _aGRIMETHORPE COLLIERY | ||
| 650 | _aLAND SALES | ||
| 650 | _aPRIVATISATION | ||
| 690 | _aMINING AND MINERALS | ||
| 690 | _aURBAN RENEWAL | ||
| 942 | _n0 | ||
| 948 | _c04/03/1997 | ||
| 999 |
_c25922 _d25922 |
||